| 000 | 00820nam a22002297a 4500 | ||
|---|---|---|---|
| 999 |
_c9969 _d9969 |
||
| 003 | AR-CdUCM | ||
| 008 | 190329b ||||| |||| 00| 0 spa d | ||
| 040 |
_aMUNICIPALIDAD PROVINCIAL DEL CUSCO _cBIBLIOTECA MUNICIPAL DEL CUSCO |
||
| 082 |
_a818.503 / _bF61J / 1945 |
||
| 100 |
_aFlavin, Martín _926533 |
||
| 245 | _aJornada en las sombras / | ||
| 260 |
_aBuenos Aires : _bSudamericana, _c1945. |
||
| 300 |
_a720 páginas ; _c18 cm. |
||
| 440 |
_aColección horizonte. _914516 |
||
| 505 | _aContenido: Constituye una crítica social dura y valiente, a lo largo de un relato que no pierde su interés un solo instante. | ||
| 650 |
_aLiteratura estadounidense _911000 |
||
| 650 |
_aNovela estadounidense _9448 |
||
| 650 |
_aSiglo XX. _98 |
||
| 700 |
_aHernani, Miguel de _926534 |
||
| 942 |
_2ddc _cLIBROS |
||
| 945 | _aacv | ||